| 000 | 00728nam a22002057a 4500 | ||
|---|---|---|---|
| 999 |
_c17203 _d17203 |
||
| 003 | AR-CdUCM | ||
| 008 | 190507b ||||| |||| 00| 0 spa d | ||
| 040 |
_aMUNICIPALIDAD PROVINCIAL DEL CUSCO _cBIBLIOTECA MUNICIPAL DEL CUSCO |
||
| 082 |
_a333.185 / _bP91 |
||
| 100 |
_aDe la Puente Uceda, Luis F. _937076 |
||
| 245 | _aLa reforma del agro peruano / | ||
| 260 |
_aLima : _bEdiciones ensayos sociales ; _c1966. |
||
| 300 |
_a233 páginas, _c25 cm. |
||
| 505 | _aContenido : Reforma agraria de México -- Reforma agraria de Guatemala -- Reforma agraria de Bolivia... | ||
| 650 |
_aHistoria agraria _937077 |
||
| 650 |
_aPropiedad agraria _912992 |
||
| 650 |
_aReforma agraria _91861 |
||
| 942 |
_2ddc _cLIBROS |
||
| 945 | _arcc | ||